Normal view MARC view
  • Pal.et,al

Entry Personal Name

Number of records used in: 2

001 - CONTROL NUMBER

  • control field: 2780

003 - CONTROL NUMBER IDENTIFIER

  • control field: OSt

005 - DATE AND TIME OF LATEST TRANSACTION

  • control field: 20170206103314.0

008 - FIXED-LENGTH DATA ELEMENTS

  • fixed length control field: 170206|| aca||aabn | a|a d

040 ## - CATALOGING SOURCE

  • Original cataloging agency: OSt

100 ## - HEADING--PERSONAL NAME

  • Personal name: Pal.et,al

Powered by Koha